000 01330cam a2200301 i 4500
001 19459882
005 20260216085512.0
008 170123s2017 enk b 001 0 eng
010 _a 2017931746
020 _a9781786438034
035 _a19459882
040 _aDLC
_beng
_erda
_cDLC
042 _apcc
082 _a336.301 EUS
100 _aEusepi, Giuseppe
245 1 0 _aPublic debt :
_ban illusion of democratic political economy /
_cGiuseppe Eusepi and Richard E. Wagner
264 1 _aCheltenham :
_bEdward Elgar Publishing,
_c2017.
300 _ax, 178 p. ;
_c25 cm.
490 0 _aNew thinking in political economy
505 _a1. Macroeconomics, fiscal policy, and public debt: conflating myth and reality 2. Political economy and the supply of macro guidance 3. Engines, ecologies, and economic systems 4. Budgeting and public debt within a system of cooperative democracy 5. Public debt within systems of monopolistic democracy 6. “Monstrous moral hybrids” and the corrupting quality of public debt
650 0 _aDebts, Public
_xPhilosophy.
650 0 _aDemocracy
_xEconomic aspects.
700 1 _aWagner, Richard E.
906 _a7
_bcbc
_corigres
_d2
_encip
_f20
_gy-gencatlg
942 _2ddc
_cBK
999 _c112599
_d112599